Introduction to the theory of probability and statistics /

Guardado en:
Autor Principal: Arley, Niels.
Otros Autores: Buch, K. Rander.
Formato: Libro
Idioma:English
Publicado: New York : Wiley, c1950.
Series:Applied mathematics series
Etiquetas: Agregar Etiqueta
Sin Etiquetas, Sea el primero en etiquetar este registro!
LEADER 00543nam a22001695a 4500
001 MAT.inmabb000514
008 031117s1950####nyu###########001#0#eng#d
005 20130226123857.0
245 1 0 |a Introduction to the theory of probability and statistics /  |c Niels Arley, K. Rander Buch. 
260 |a New York :  |b Wiley,  |c c1950. 
300 |a xi, 238 p. ;  |c cm. 
440 0 |a Applied mathematics series 
510 4 |a MR,  |c 11,187e 
100 1 |a Arley, Niels. 
700 1 |a Buch, K. Rander. 
084 |a 60-01 (62-01)  |2 msc2000 
859 |h 60  |i Ar723  |p A-289  |b BIB. MATEMATICA